00420nam a2200133Ia 4500008004100000100001800041245002500059260000800084300000800092650000800100942001200108999001500120952015100135191201s2019 xx 000 0 und d aHOLUBI, Allen 0aCompiler Design in C bPHI a924 aMCA 2ddccBK c7147d7147 00102ddc40708MCAaPIETbPIETd2020-07-21eAggarwal Book Centreg450.00k3361l0o005.4 HOCp31514r2019-12-04 00:00:00v305.00w2019-07-20yBK